000
00305nam a22001457a 4500
003
SGT
020
_a
8123906412
082
_a
720.9
_b
CRU
100
_a
CRUICKSHANK DAN
245
_a
A HISTORY OF ARCHITECTURE
250
_a
12TH
260
_a
INDIA
_b
CBS PUB.
_c
1999
300
_a
1794
942
_2
ddc
_c
BK
999
_c
32132
_d
32132